01217nam a2200253 i 4500001000300000245027400003246006800277260007000345300002800415500011700443504002400560650003000584655002900614700004000643710007900683020001500762040000800777041001500785080000800800080000700808080000900815008004100824856009800865bg00aProblems of environment engineering at the threshold of the new millennium :binternational conference : Wrocław-Szklarska Poręba October 5-7, 2000 /c[sci. comm. Gerard Jan Besler et al.] ; Wrocław University of Technology. Department of Environmental Engineering.11aProblemy inżynierii środowiska u progu nowego tysiąclecia aWrocław :bOficyna Wydawnicza Politechniki Wrocławskiej,c2000. a753 s. :bil. ;c24 cm. aTyt. równol.: roblemy inżynierii środowiska u progu nowego tysiąclecia. - Streszcz. ang., pol. przy ref. aBibliogr. przy ref. 9aInżynieria środowiska aMateriały konferencyjne1 aBesler, Gerard Jand(1932- ).eRed. 0aWrocław University of TechnologybDepartment of Environmental Engineering a8370855016 cBPKw aenplbenpl a504 a62 a(06) s pl f |000 0 pol  uhttp://koha.tu.koszalin.pl/cgi-bin/koha/opac-detail.pl?biblionumber=39548yKatalog online BPK